000 00442nam a2200169Ia 4500
003 SGT
020 _a0852263384
082 _a512.8
_bHER
100 _aHerstein,I.N
245 _aTopics in algebra
250 _a2nd Ed.
260 _bWilet eastern limited
_aNew Delhi
_c1975
300 _a388p.
650 _aMATHEMATICS ENGINEERING
653 _aPRELIMINARY NOTIONS, GROUP THEORY, RING THEORY,VECTOR SPACES AND MODULES
942 _2ddc
_cBK
999 _c5378
_d5378